Muerte súbita - Futbolistas que han ganado un título con España - Estadísticas

Estadísticas generales
  • Esta prueba ha sido intentada 660 veces
  • La puntuación promedio es 8 de 26
Answers on the Grid
Answers color-coded by a green-red scale on the quiz's grid according to % correct below.
Adama Traoré
Álex Baena
Álex Remiro
Álvaro Negredo
Ansu Fati
Ayoze Pérez
Carlos Marchena
César Azpilicueta
Dani Güiza
David de Gea
Fernando Llorente
Iago Aspas
Iker Casillas
Iñaki Williams
Isco
Javi Martínez
Jesús Navas
Jordi Alba
José Luis Gayà
Juan Mata
Juanfran Torres
Kepa Arrizabalaga
Koke
Lamine Yamal
Marc Cucurella
Marco Asensio
Marcos Llorente
Marcos Senna
Mikel Oyarzábal
Pau Cubarsí
Pau Torres
Raúl Albiol
Robert Sánchez
Roberto Soldado
Rodrigo Moreno
Santi Cazorla
Sergio Busquets
Gavi
Thiago Alcántara
Yéremy Pino
 
Estadísticas de respuestas
Respuesta % Correcto
Iker Casillas
61%
Álex Remiro
52%
Jesús Navas
51%
Lamine Yamal
49%
Álex Baena
47%
Marc Cucurella
46%
Jordi Alba
43%
Carlos Marchena
41%
Mikel Oyarzábal
40%
Sergio Busquets
39%
Ayoze Pérez
37%
Juan Mata
36%
Dani Güiza
34%
Fernando Llorente
34%
Raúl Albiol
33%
Javi Martínez
30%
Marcos Senna
28%
Santi Cazorla
22%
Gavi
20%
Álvaro Negredo
18%
Ansu Fati
13%
Yéremy Pino
12%
Juanfran Torres
10%
Marco Asensio
5%
Kepa Arrizabalaga
2%
Rodrigo Moreno
2%
No se encontraron pruebas coincidentes
Distribución de puntuación
Porcentaje de gente con cada puntuación
Porcentaje por número respondido
Historial de tus puntuaciones
No has intentado esta prueba.